000 005670000a22001690004500
090 _aAR
_b00190
245 1 0 _aPhytogeographic analysis of a vascular species sample from the Araracuara sandstone plateau, colombian Amazonia
650 1 4 _aTepuis
_993064
650 1 4 _aSabanas
_933142
650 1 4 _aDistribución vegetal
_993066
651 4 _mAraracuara
_dCaquetá
_pColombia
_992749
041 0 _aInglés
700 1 _aDuivenvoorden, Joost Franciscus
_93687
100 1 _aCleef, Antoine M.
_993067
942 _cARTICULO
773 1 _tMem. Soc. Biogeogr.
_389
_q65-81
_d1994
_g4
999 _c9290
_d9290